The Migration Reader; (Record no. 68967)
[ view plain ]
| 000 -LEADER | |
|---|---|
| fixed length control field | 00947nam a22002297a 4500 |
| 005 - DATE AND TIME OF LATEST TRANSACTION | |
| control field | 20120809142847.0 |
| 010 ## - LCCN (DPL NO) | |
| LC control number | B-447079 |
| 020 ## - INTERNATIONAL STANDARD BOOK NUMBER | |
| International Standard Book Number | 9788130904177 |
| Terms of availability | 1495.00 |
| 035 ## - SYSTEM CONTROL NUMBER | |
| System control number | B-447079 |
| 037 ## - SOURCE OF ACQUISITION | |
| Stock number | dpl |
| Source of stock number/acquisition | Reseaechco Book Centre/VEN |
| 082 ## - DEWEY DECIMAL CLASSIFICATION NUMBER | |
| Classification number | 325.1 |
| 245 ## - TITLE STATEMENT | |
| Title | The Migration Reader; |
| Remainder of title | Exploring Politics and Policies/ |
| Statement of responsibility, etc | edited by Anthony M. Messina |
| 260 ## - PUBLICATION, DISTRIBUTION, ETC. (IMPRINT) | |
| Place of publication, distribution, etc | New Delhi |
| Name of publisher, distributor, etc | Viva books private limited |
| Date of publication, distribution, etc | 2006 |
| 270 ## - ADDRESS | |
| Address | 4737/23 Ansari Road Daryaganj |
| City | New Delhi |
| Postal code | 110002 |
| 300 ## - PHYSICAL DESCRIPTION | |
| Extent | 698p. |
| Dimensions | 23cm (HB) |
| 500 ## - GENERAL NOTE | |
| General note | index |
| 700 ## - ADDED ENTRY--PERSONAL NAME | |
| Personal name | Anthony M. Messina |
| 9 (RLIN) | 50978 |
| 700 ## - ADDED ENTRY--PERSONAL NAME | |
| Personal name | Gallya Lahav |
| 9 (RLIN) | 50979 |
| 942 ## - ADDED ENTRY ELEMENTS (KOHA) | |
| Source of classification or shelving scheme | Dewey Decimal Classification |
| Item type | English Books |
| Call number suffix | MIG |
| Classification part | 325.1 |
| Withdrawn status | Lost status | Not for loan | Collection code | Home library | Current library | Date acquired | Source of acquisition | Cost, normal purchase price | Full call number | Barcode | Copy number | Cost, replacement price | Koha item type |
|---|---|---|---|---|---|---|---|---|---|---|---|---|---|
| Not For Loan | Reference | Central Library | Central Library | 16/08/2012 | RBC/26572/28.09.2011/07/15.09.2011/09.11.2011 | 1495.00 | 325.1 MIG | B-447079 | 1 | 1495.00 | English Books |
